000 01109nam a2200325 i 4500
001 1731
003 KOSZ 005
005 20191007104418.0
008 000320s1980 pl a f f |000 0 pol d
015 _aPB 1980/8072
020 _a8301026421
035 _a(OCoLC)750017402
040 _aWA N
_cKOSZ 005/HR
_dKOSZ 005/HR
041 0 _apol
080 _a532
080 _a(075.8+076)
100 1 _aGołębiewski, Czesław.
_eAutor
245 1 0 _aZbiór zadań z mechaniki płynów /
_cCzesław Gołębiewski, Eugeniusz Łuczywek, Edward Walicki.
250 _aWyd. 3.
260 _aWarszawa :
_bPańst. Wydaw. Naukowe,
_c1980.
300 _a550, [2] s., [1] k. tabl. :
_bil., tab., wykr. ;
_c24 cm.
380 _aKsiążki.
658 _aFizyka
655 4 _aĆwiczenia i zadania dla szkół wyższych
650 4 _aMechanika płynów
700 1 _aŁuczywek, Eugeniusz.
_eAutor
700 1 _aWalicki, Edward
_c(nauki techniczne).
_eAutor
856 _uhttp://koha.tu.koszalin.pl/cgi-bin/koha/opac-detail.pl?biblionumber=1731
_yKatalog online BPK
942 _2UKD
_cKS
999 _c1731
_d1731